000 01864nam a2200385 i 4500
003 EG-GICUC
005 20260305102503.0
008 260305s2025 ua ||||f m||| 00| 0 ara d
040 _aEG-GICUC
_cEG-GICUC
_dEG-GICUC
_erda
_bara
041 0 _aara
_bara
_dara
049 _aإهداء
082 0 4 _a342.35
_221
097 _aPh.D
099 _aLaw 08 PHD 2025
100 0 _aعماد عبد الرازق عبد الرحمن الصبحي
_eمؤلف.
245 1 0 _aتقييد الحقوق والحريات العامة (دراسة مقارنة) /
_cإعداد عماد عبد الرازق عبد الرحمن الصبحي؛ إشراف الأستاذ الدكتور محمد أنس قاسم جعفر.
_bRemainder of title /
264 0 _aالقاهرة:
_bكلية الحقوق-جامعة القاهرة،
_c2003.
300 _a975 صفحة؛
_c30 سم
_billustrations
_eCD.
336 _atext
_2rda content
337 _aComputer
_2rda media
338 _aOnline Resource
_2rda carrier
500 _aرسائل نسخة منفردة
502 _a أطروحة (دكتوراه)-جامعة القاهرة، كلية الحقوق، قسم القانون الدستوري، 2025.
504 _aيشتمل على إرجاعات بيبليوجرافية: صفحة 888- 966
650 0 7 _aالقانون الدستوري
_2qrmak
653 _aالحقوق العامة
653 _aالحريات العامة
655 4 _aرسائل جامعية
_zجامعة القاهرة
_xالقانون الدستوري
700 0 _aمحمد أنس قاسم جعفر
_eمشرف.
710 2 _aجامعة القاهرة
_bكلية الحقوق
856 _uhttps://fll.law.cu.edu.eg/fulltext/th/T08-01600.pdf
900 _b2025
_Uجامعة القاهرة
_Fكلية الحقوق
_Dقسم القانون الدستوري
905 _a64
942 _2ddc
_cTH
_e21
_n0
999 _c64986